000
00320nam a2200133Ia 4500
008
231129s2004||||xx |||||||||||||| ||spa||
040
_b
spa
082
_a
792.8 C227t
100
_a
Cano Arango Gustavo
245
0
_a
Teoria de la danza: lecciones elementales
260
_c
2004
264
_a
[s.n.]
942
_2
ddc
_c
BKS
999
_c
25199
_d
25199